MARC

LEADER 00000nam0a2200000 4500
001 265984
005 20231101233951.0
035 |a (RuTPU)RU\TPU\book\288986 
090 |a 265984 
100 |a 20140702d1986 k y0rusy50 ca 
101 0 |a rus 
102 |a RU 
105 |a y z 001zy 
200 1 |a Экономические противоречия и механизм ускорения научно-технического прогресса в промышленности  |f Б. М. Смирнов 
210 |a Москва  |c Высшая школа  |d 1986 
215 |a 151 с. 
320 |a Библиогр. в сносках: с. 145-150 
606 1 |a Строительные организации  |x Экономический анализ  |2 stltpush  |3 (RuTPU)RU\TPU\subj\57694  |9 75552 
610 1 |a научно-технический прогресс 
610 1 |a социалистические предприятия 
610 1 |a социалистическое хозяйство 
610 1 |a качественный анализ 
610 1 |a количественный анализ 
610 1 |a экономические противоречия 
610 1 |a финансы 
610 1 |a экономическое стимулирование 
675 |a 69:658.511  |v 3 
700 1 |a Смирнов  |b Б. М.  |g Борис Михайлович 
801 1 |a RU  |b 63413507  |c 20140702 
801 2 |a RU  |b 63413507  |c 20170214  |g RCR 
942 |c BK